|
|
|
|
| LEADER |
00000nam a2200000 a 4500 |
| 001 |
vtls010116423 |
| 003 |
SK-MaSNL |
| 005 |
20260301171400.0 |
| 008 |
180731s2009 xo dl f 100 0 slo |
| 015 |
|
|
|a SNBA2010/09-05139
|
| 020 |
|
|
|a 9788089232659
|q (brož.)
|
| 035 |
|
|
|a A3C796F6-F0D2-43FD-87C4-24B7BD9A1EE2
|
| 035 |
|
|
|a urn:nbn:sk:snk-amkam6
|
| 035 |
|
|
|a urn:nbn:sk:snk-am0048er
|
| 040 |
|
|
|a SNK
|b slo
|c SNK
|e AACR2
|
| 041 |
0 |
|
|a slo
|a cze
|b slo
|b eng
|
| 044 |
|
|
|a xo
|c SK
|
| 072 |
|
7 |
|a 37
|x Výchova a vzdelávanie
|2 konspekt
|
| 072 |
|
7 |
|a 27-4
|x Praktická teológia. Morálna teológia
|2 konspekt
|
| 080 |
|
|
|a 37.0
|2 2001
|
| 080 |
|
|
|a 27-47
|2 2001
|
| 080 |
|
|
|a (062.534)
|2 2001
|
| 245 |
0 |
0 |
|a Súčasné aspekty výchovy a vzdelávania
|b zborník z katecheticko-pedagogickej vedeckej konferencie
|c [editor: Ján Jenčo]
|
| 250 |
|
|
|a 1. vyd.
|
| 260 |
|
|
|a Košice
|b Vienala
|c 2009
|
| 300 |
|
|
|a 154 s.
|b grafy, tab.
|c 21 cm
|
| 504 |
|
|
|a Bibliogr. odkazy
|
| 521 |
|
|
|a Vyd. pre Teologickú fakultu v Košiciach, KU v Ružomberku
|
| 546 |
|
|
|a Res. slov. a angl. Čiast. text čes.
|
| 650 |
0 |
7 |
|a výchova a vzdelávanie
|2 SNKPH
|9 1684
|
| 650 |
0 |
7 |
|a kresťanská výchova
|2 SNKPH
|9 63301
|
| 650 |
0 |
7 |
|a Education
|2 SNKPHeng
|9 265320
|
| 650 |
0 |
7 |
|a Christian education
|2 SNKPHeng
|9 282634
|
| 655 |
|
7 |
|a zborníky konferencií
|2 SNKPH
|9 70153
|
| 655 |
|
7 |
|a Proceedings of conferences
|2 SNKPHeng
|9 265791
|
| 700 |
1 |
|
|a Jenčo, Ján,
|d 1969-
|4 edt
|9 67894
|
| 919 |
|
|
|a 978-80-89232-65-9
|
| 958 |
|
|
|a NB
|
| 958 |
|
|
|a OND
|
| 968 |
|
|
|d 37
|
| 999 |
|
|
|c 830654
|d 832584
|
| 952 |
|
|
|a SNK
|b SNK
|y PREZ
|7 0
|p 17A0666006
|o snkSC 141259
|i snk2010/15173
|8 0
|0 0
|1 0
|4 0
|d 2010-07-20
|f 1
|l 0
|r 2025-07-09 00:00:00
|w 2026-02-24
|
| 952 |
|
|
|a SNK
|b SNK
|y VYP
|7 0
|p 17A0666007
|o snkSC 141259 D1
|i snk2010/15174
|8 0
|0 0
|1 0
|4 0
|d 2010-07-20
|l 0
|r 2026-02-24 03:36:40
|w 2026-02-24
|